MDQL
is popping MORE tags! Check the
thread
!
Quizzes
Events
Quiz Creation
Community
Videos
Private Events
Remove Ads
Sign In
Join for FREE
Feedback
Dark Mode
Quiz Categories
Sports
Geography
Music
Movies
Television
Just For Fun
Miscellaneous
History
Literature
Language
Science
Gaming
Entertainment
Religion
Holiday
For Kids
Quiz Lab
Recent
Popular Today
Quiz Kudos Today
Editor Picks
Curator Picks
Quizzes by...
Day
Popularity
Type
Ratings
Length
Year
Community
Subscriptions
Recent Discussions
Orange Saloon
Badges
Playlists
Quests
Create
Leaderboards
Showdown
Live 5
Trivia Bingo
Activity
Puzzle Library
Sporcle Events
Private Events
Virtual Trivia
Globe League
Become a Host
Pub Owners
SporcleCon
Opinionation
Our Games
Videos
Blog
Mobile Apps
Partnerships
Remove Ads and Go Orange
Feedback
Entertainment
Celebrity
Famous
Musical
Broadway
Show
Quote
Comic Books
Anime
Superhero
DC Comics
Marvel
Cartoons
Animation
Entertainment
Celebrity
Famous
Musical
Broadway
Show
Quote
Comic Books
Anime
Superhero
DC Comics
Marvel
Cartoons
Animation
Random Quiz
Search Sporcle
×
Quiz Lab
Quiz Lab
Entertainment
X-Men
Type in answers that appear in a list
Type in answers that appear in a list
Classic
Best Score? Go Orange.
Top 25 X-Men Superheroes from IGN Stats
Can you name the Top 25 X-Men Superheroes from IGN?
By
MovieFanatic
5m
25 Questions
1,007 Plays
1,007 Plays
1,007 Plays
Comments
Comments
Give Quiz Kudos
Give Quiz Kudos
-
- Ratings
hide this ad
Replay
Link that replays current quiz
Next Quiz
Link to next quiz in quiz playlist
You Got
0%
They Got
Avg Score
69%
Avg Friend Score
Upgrade to see
Score Distribution
Jump to the score distribution portion of the page
Score
0/25
Timer
05:00
0
Plays Today
Power(s)
X-Man
% Correct
Continuous optic laser blasts
Cyclops
98.9%
Adamantium claws, healing factor
Wolverine
97.8%
World's most powerful telepath
Professor X
96.4%
Control of the weather
Storm
96%
Absorbs powers and memories through skin contact
Rogue
93.2%
Telekinesis and telepathy
Jean Grey
92.9%
Teleportation and nightvision
Nightcrawler
92.3%
Ability to control electromagnetic forces
Magneto
87.5%
Turn his body into steel, invulnerability, super strength
Colossus
87.1%
Capable of lowering own body temperature and using free moisture
Iceman
86.5%
Super strength and agility
Beast
80.9%
Telepathy and diamond coated skin shield
Emma Frost
75.7%
Powerful voice which allows him to attack and fly
Banshee
73.7%
Power(s)
X-Man
% Correct
Super-
speed
Quicksilver
72.3%
Claws, fangs and healing factors
Sabretooth
72.2%
Winged flight and ability to heal others
Archangel
65.5%
Phasing
Kitty Pryde
64.8%
Firing plasma energy
Havok
60.2%
Energy blades, telekinesis
Psylocke
58.2%
Absorbing and re-
casting all energy forms
Bishop
53.9%
Telepathy, telekinesis
Cable
41.5%
Creating portals
Blink
31.1%
Creating duplicates
Madrox
25.6%
Absorbs kinetic energy and turns it into physical strength
Strong Guy
15.8%
Unleashing massive amounts of energy
Chamber
9%
Quiz Playlist
Details
Report
Send in Message
Add To Playlist
Classic:
Type in answers that appear in a list
Last Updated: Mar 22, 2017
Quiz Scoreboard
CHALLENGE
Sign Up to Join the Scoreboard
Show All
Scores
Hide
Comments
May contain spoilers
Recently Published
5x2 Blitz: Bands
by SL_Kpop136
Music
30s
Colored Red Africa Blitz
by spor1
Geography
30s
Find the 'City' Movie
by crazypaving
Movies
60s
More to Explore
Quiz From the Vault
Featured Blog Post
14 Easter Pick-up Lines to Find Eggs With
hide this ad
You Might Also Like...
Tags
X-Men
Today's Top Quizzes in Entertainment
Browse Entertainment
hide this ad
Today's Top Quizzes in X-Men
Browse X-Men
Top Contributed Quizzes in Entertainment
1
Marvel Classic Character Map
2
Dragon Ball Z: Goku's Fights in Order
3
Marvel Characters Bunker
4
JoJo's Bizarre Logic Quiz
5
Celebrity Spelling Bee
6
BOYS PLANET Quiz
7
This is Your Life: Edward Elric
8
This is Your Life: Itachi Uchiha
9
Survivor Winners Logic Quiz
10
One Piece Heroines Chapter Cover
Explore More
Trending Topics
Harry Potter
Kpop
Marvel
Crossword
Anime
Disney
NBA
Pokémon
Song
The Office
Country
Soccer
Puzzle
WWE
NFL
hide this ad
More By:
MovieFanatic
Quiz
Plays
Rating
Category
Featured
Created
Top 25 X-Men Superheroes from IGN
1,007
2.73
Entertainment
Jun 15, 2011
Best Original Screenplay Winners 1999-2010
50
1.00
Movies
Apr 29, 2011
2011 Oscar Nominations in Best Picture
39
2.50
Movies
Apr 27, 2011
Go to Creator's Profile
Score Distribution
Quiz Creator Spotlight
MovieFanatic
Follow
Send a Message
Quizzes Created
-
Created Quiz Play Count
-
More By This Creator
Popular Quizzes Today
1
Colored Red Africa Blitz
2
Find the 'City' Movie
3
Find the US States - No Outlines Minefield
4
5x2 Blitz: Bands
5
The Countries of the World
6
Find the US States
7
Find the Countries of Europe - No Outlines Minefield
8
US States
More Entertainment Quizzes
Spider-Man Villains
Published
Trending Quizzes
Colored Red Europe Blitz I
Colored Red Europe Blitz II
Colored Red Africa Blitz II
Colored Red Europe Blitz III
Colored Red Africa Blitz III
Recently Updated
How Do You Spell That?
pecheneg
Godzilla Movies
pecheneg
Grab Bag: 4-10 Letters
pecheneg
2024 March Madness Bracket
pecheneg
Famous TV Couples
Peacemaker
Champions League XIs: Real Madrid
pecheneg
Largest US Cities 1790-2010
pecheneg
Rides in Walt Disney World
pecheneg
Most Oscar Losses (Acting)
pecheneg
Beyoncé Albums
pecheneg
Trending Topics
Disney
Anime
NBA
Crossword
Harry Potter
Marvel
Kpop
NFL
Song
Country
Puzzle
The Office
Pokémon
Soccer
WWE
Your Account Isn't Verified!
In order to create a playlist on Sporcle, you need to verify the email address you used during registration. Go to your
Sporcle Settings
to finish the process.
Report this User
Report this user for behavior that violates our
Community Guidelines
.
Details:
Send Report
Go to the Sporcle.com Mobile Site →
Comments